000 01147cam a2200301 4500
001 M1732
008 090401t1995 xxu||||| |||| 00| 0 eng d
035 _a(Sirsi) u34064
041 _aeng
050 _a690.2
090 _aRICS 1995/22A
110 _aRoyal Institution of Chartered Surveyors
_94900
245 _aBuilding Surveyors National Briefing 95: ... Friday 7 - Sunday 9 April 1995, University of Nottingham.
260 _aLondon
_bRICS Conferences & Training
_c1995
300 _a6 items in folder ; 30cm.
350 _a0
520 _aContents: - Synopses / GWILLIM, David: Legal Update. / ENSOM, Tony: Latham Review. / HILL, Mike: Computer Programmes. / PARSLEY, David: Presidential Address. / SWANSTON, Roy: President`s Address.
650 _aBUILT ENVIRONMENT-BUILDING INSPECTION
650 _aBUILDING SURVEYORS NATIONAL BRIEFING 95
650 _aCASE LAW
650 _aCOMPUTER SOFTWARE
650 _aMANAGEMENT-BUSINESS MANAGEMENT-INFORMATION MANAGEMENT
650 _aLATHAM REFORMS
650 _aPRESIDENTIAL ADDRESS
690 _aBUILT ENVIRONMENT-BUILDING INSPECTION
942 _n0
948 _c04/03/1997
999 _c89902
_d89902